[Event "FRA-ch Open A-D 2018"]
[Site "Nimes"]
[Date "2018.08.26"]
[Round "9"]
[White "Radoman, Emmanuel"]
[Black "Dimey, Cyrille"]
[Result "1/2-1/2"]
[WhiteElo "1818"]
[BlackElo "1807"]
[Annotator "NA"]
[PlyCount "95"]
[EventDate "2018.08.18"]
[EventType "tourn"]
[EventCountry "FRA"]
[SourceTitle "playchess.com"]
[Source "ChessBase"]
[SourceQuality "1"]
[TimeControl "40/5400+30:1800+30"]

1. e4 {[%emt 0:00:00]} e6 {[%emt 0:00:00]} 2. d4 {[%emt 0:00:00]} d5 {[%emt 0:00:00]} 3. Nd2 {[%emt 0:00:04]} Nf6 {[%emt 0:00:00]} 4. e5 {[%emt 0:00:04]} Nfd7 {[%emt 0:00:00]} 5. Bd3 {[%emt 0:00:04]} c5 {[%emt 0:00:16]} 6. c3 {[%emt 0:00:04]} b6 {[%emt 0:00:15]} 7. Ne2 {[%emt 0:02:57]} Ba6 {[%emt 0:00:25]} 8. Nf3 {[%emt 0:07:35]} Bxd3 {[%emt 0:01:52]} 9. Qxd3 {[%emt 0:00:06]} Nc6 {[%emt 0:03:10]} 10. Bd2 {[%emt 0:04:39]} Rc8 {[%emt 0:05:35]} 11. O-O {[%emt 0:03:45]} Be7 {[%emt 0:03:59]} 12. Rac1 {[%emt 0:05:17]} O-O {[%emt 0:02:32]} 13. g3 {[%emt 0:02:47]} cxd4 {[%emt 0:03:47]} 14. cxd4 {[%emt 0:00:08]} Qc7 {[%emt 0:23:30]} 15. h4 {[%emt 0:04:42]} Rfe8 {[%emt 0:05:13]} 16. Nf4 {[%emt 0:11:35]} Nf8 {[%emt 0:00:52]} 17. Kg2 {[%emt 0:07:17]} Qd7 {[%emt 0:01:48]} 18. Nh5 {[%emt 0:14:12]} Nb4 {[%emt 0:05:55]} 19. Qe3 {[%emt 0:14:37]} Rxc1 {[%emt 0:16:27]} 20. Rxc1 {[%emt 0:00:24]} a5 {[%emt 0:08:57]} 21. a3 {[%emt 0:03:26]} Na6 {[%emt 0:00:44]} 22. Qf4 {[%emt 0:03:40]} Ng6 {[%emt 0:00:54]} 23. Qg4 {[%emt 0:00:12]} Kh8 {[%emt 0:03:14]} 24. Nxg7 {[%emt 0:06:37]} Kxg7 {[%emt 0:00:19]} 25. h5 {[%emt 0:00:14]} Kh8 {[%emt 0:05:54]} 26. hxg6 {[%emt 0:00:08]} fxg6 {[%emt 0:00:30]} 27. Rh1 {[%emt 0:01:27]} Kg8 {[%emt 0:00:01]} 28. Qh3 {[%emt 0:03:52]} Bd8 {[%emt 0:00:09]} 29. Nh2 {[%emt 0:02:25]} Nb8 {[%emt 0:02:24]} 30. Be3 {[%emt 0:00:39]} Nc6 {[%emt 0:01:40]} 31. g4 {[%emt 0:01:10]} Rf8 {[%emt 0:02:06]} 32. g5 {[%emt 0:00:53]} b5 {[%emt 0:00:50]} 33. Ng4 {[%emt 0:00:16]} b4 {[%emt 0:00:35]} 34. Nf6+ {[%emt 0:00:27]} Bxf6 {[%emt 0:00:06]} 35. gxf6 {[%emt 0:00:04]} bxa3 {[%emt 0:01:36]} 36. bxa3 {[%emt 0:00:22]} Rf7 {[%emt 0:00:39]} 37. Qh4 {[%emt 0:01:36]} Qb7 {[%emt 0:00:12]} 38. Bh6 {[%emt 0:00:26]} Qa7 {[%emt 0:01:26]} 39. Bg7 {[%emt 0:00:31]} Rxg7 {[%emt 0:00:02]} 40. fxg7 {[%emt 0:00:09]} Qxg7 {[%emt 0:00:01]} 41. Rc1 {[%emt 0:04:42]} Qd7 {[%emt 0:04:04]} 42. Rc5 {[%emt 0:01:39]} a4 {[%emt 0:02:16]} 43. Qf4 {[%emt 0:01:53]} Qe8 {[%emt 0:07:57]} 44. Qc1 {[%emt 0:00:32]} Ne7 {[%emt 0:00:34]} 45. Rc7 {[%emt 0:01:26]} h5 {[%emt 0:01:12]} 46. Qg5 {[%emt 0:03:33]} Nf5 {[%emt 0:02:06]} 47. Qf6 {[%emt 0:00:31]} h4 {[%emt 0:01:21]} 48. Kh3 {[%emt 0:02:33]} 1/2-1/2

[Event "FRA-ch Open A-D 2018"]
[Site "Nimes"]
[Date "2018.08.26"]
[Round "9"]
[White "Alashtar, Aasef"]
[Black "Piat, Jean-Pascal"]
[Result "1-0"]
[WhiteElo "1724"]
[BlackElo "1711"]
[Annotator "NA"]
[PlyCount "53"]
[EventDate "2018.08.18"]
[EventType "tourn"]
[EventCountry "FRA"]
[SourceTitle "playchess.com"]
[Source "ChessBase"]
[SourceQuality "1"]
[TimeControl "40/5400+30:1800+30"]

1. Nf3 {[%emt 0:00:00]} Nf6 {[%emt 0:05:05]} 2. g3 {[%emt 0:00:16]} Nc6 {[%emt 0:00:52]} 3. d4 {[%emt 0:00:28]} e6 {[%emt 0:00:39]} 4. Bg2 {[%emt 0:00:19]} Be7 {[%emt 0:06:21]} 5. O-O {[%emt 0:00:19]} O-O {[%emt 0:00:55]} 6. c4 {[%emt 0:02:28]} a6 {[%emt 0:09:26]} 7. Nc3 {[%emt 0:00:35]} Bb4 {[%emt 0:04:34]} 8. Qd3 {[%emt 0:09:27]} Bxc3 {[%emt 0:02:23]} 9. bxc3 {[%emt 0:00:02]} d6 {[%emt 0:01:09]} 10. Rb1 {[%emt 0:00:39]} Rb8 {[%emt 0:12:46]} 11. e4 {[%emt 0:01:19]} e5 {[%emt 0:05:40]} 12. h3 {[%emt 0:04:15]} h6 {[%emt 0:05:47]} 13. Nh4 {[%emt 0:03:34]} Ne7 {[%emt 0:02:22]} 14. f4 {[%emt 0:08:54]} Ng6 {[%emt 0:04:25]} 15. Nf5 {[%emt 0:08:18]} exf4 {[%emt 0:03:11]} 16. Bxf4 {[%emt 0:12:33]} Nxf4 {[%emt 0:07:54]} 17. Rxf4 {[%emt 0:00:14]} Kh8 {[%emt 0:05:23]} 18. h4 {[%emt 0:08:42]} Nh5 {[%emt 0:09:59]} 19. Rf2 {[%emt 0:01:21]} Bxf5 {[%emt 0:02:42]} 20. exf5 {[%emt 0:00:57]} b6 {[%emt 0:00:32]} 21. g4 {[%emt 0:12:43]} Nf6 {[%emt 0:00:06]} 22. Qg3 {[%emt 0:01:03]} Nh7 {[%emt 0:01:01]} 23. Bc6 {[%emt 0:02:09]} f6 {[%emt 0:01:54]} 24. Re2 {[%emt 0:01:07]} Rf7 {[%emt 0:02:35]} 25. Rbe1 {[%emt 0:00:36]} Rf8 {[%emt 0:03:04]} 26. Re7 {[%emt 0:03:15]} a5 {[%emt 0:01:13]} 27. Rd7 {[%emt 0:01:10]} 1-0

[Event "FRA-ch Open A-D 2018"]
[Site "Nimes"]
[Date "2018.08.26"]
[Round "9"]
[White "Rasolo, Loick"]
[Black "Prudent, Sylvio"]
[Result "1-0"]
[WhiteElo "1723"]
[BlackElo "1709"]
[Annotator "NA"]
[PlyCount "83"]
[EventDate "2018.08.18"]
[EventType "tourn"]
[EventCountry "FRA"]
[SourceTitle "playchess.com"]
[Source "ChessBase"]
[SourceQuality "1"]
[TimeControl "40/5400+30:1800+30"]

1. e4 {[%emt 0:00:00]} b6 {[%emt 0:00:00]} 2. d4 {[%emt 0:00:00]} Bb7 {[%emt 0:00:00]} 3. Nc3 {[%emt 0:00:00]} e6 {[%emt 0:00:00]} 4. a3 {[%emt 0:01:04]} c5 {[%emt 0:00:56]} 5. Nf3 {[%emt 0:00:07]} cxd4 {[%emt 0:02:28]} 6. Nxd4 {[%emt 0:00:06]} Nf6 {[%emt 0:01:07]} 7. Bd3 {[%emt 0:01:43]} Bc5 {[%emt 0:00:17]} 8. Nb3 {[%emt 0:00:28]} Be7 {[%emt 0:02:06]} 9. O-O {[%emt 0:00:26]} Nc6 {[%emt 0:00:05]} 10. f4 {[%emt 0:02:27]} d6 {[%emt 0:02:39]} 11. h3 {[%emt 0:07:51]} Nd7 {[%emt 0:09:46]} 12. f5 {[%emt 0:03:14]} O-O {[%emt 0:04:17]} 13. fxe6 {[%emt 0:05:22]} fxe6 {[%emt 0:02:38]} 14. Bc4 {[%emt 0:01:19]} Rxf1+ {[%emt 0:00:33]} 15. Qxf1 {[%emt 0:00:09]} Nf8 {[%emt 0:00:04]} 16. Bf4 {[%emt 0:04:15]} Qd7 {[%emt 0:03:18]} 17. Rd1 {[%emt 0:00:45]} Ng6 {[%emt 0:05:20]} 18. Bxd6 {[%emt 0:07:10]} Bxd6 {[%emt 0:05:55]} 19. Nb5 {[%emt 0:00:10]} Rf8 {[%emt 0:00:07]} 20. Qd3 {[%emt 0:04:32]} Nge5 {[%emt 0:02:29]} 21. Qxd6 {[%emt 0:00:25]} Qxd6 {[%emt 0:00:50]} 22. Nxd6 {[%emt 0:00:26]} Nxc4 {[%emt 0:02:29]} 23. Nxc4 {[%emt 0:01:28]} Ba6 {[%emt 0:00:58]} 24. Ncd2 {[%emt 0:19:57]} Ne5 {[%emt 0:01:29]} 25. Nd4 {[%emt 0:01:26]} Rd8 {[%emt 0:00:20]} 26. N2b3 {[%emt 0:10:51]} Nc6 {[%emt 0:03:47]} 27. Rd2 {[%emt 0:00:53]} Na5 {[%emt 0:01:11]} 28. Nxe6 {[%emt 0:02:57]} Re8 {[%emt 0:06:14]} 29. Nc7 {[%emt 0:00:31]} Nxb3 {[%emt 0:00:24]} 30. cxb3 {[%emt 0:00:13]} Rxe4 {[%emt 0:05:33]} 31. Nxa6 {[%emt 0:00:09]} Re7 {[%emt 0:00:45]} 32. Kf2 {[%emt 0:00:40]} Rb7 {[%emt 0:00:49]} 33. Rc2 {[%emt 0:00:23]} Rf7+ {[%emt 0:01:08]} 34. Kg3 {[%emt 0:00:29]} Rf6 {[%emt 0:02:37]} 35. Rc7 {[%emt 0:01:48]} Rg6+ {[%emt 0:00:43]} 36. Kh2 {[%emt 0:00:22]} Rd6 {[%emt 0:00:23]} 37. Rxa7 {[%emt 0:00:16]} Rd2 {[%emt 0:00:08]} 38. Rb7 {[%emt 0:00:25]} Rd6 {[%emt 0:00:40]} 39. b4 {[%emt 0:01:06]} h6 {[%emt 0:01:09]} 40. b5 {[%emt 0:00:52]} Rf6 {[%emt 0:00:43]} 41. b4 {[%emt 0:30:21]} Re6 {[%emt 0:31:16]} 42. a4 {[%emt 0:00:13]} 1-0

[Event "FRA-ch Open A-D 2018"]
[Site "Nimes"]
[Date "2018.08.26"]
[Round "9"]
[White "Morais, Thomas"]
[Black "Sylvestre-Baron, Laurent"]
[Result "0-1"]
[WhiteElo "1687"]
[BlackElo "1730"]
[Annotator "NA"]
[PlyCount "186"]
[EventDate "2018.08.18"]
[EventType "tourn"]
[EventCountry "FRA"]
[SourceTitle "playchess.com"]
[Source "ChessBase"]
[SourceQuality "1"]
[TimeControl "40/5400+30:1800+30"]

1. e4 {[%emt 0:00:00]} c5 {[%emt 0:00:00]} 2. Nc3 {[%emt 0:00:02]} Nc6 {[%emt 0:00:00]} 3. Bb5 {[%emt 0:00:30]} Nd4 {[%emt 0:00:35]} 4. Bc4 {[%emt 0:00:40]} a6 {[%emt 0:00:26]} 5. d3 {[%emt 0:01:01]} e6 {[%emt 0:01:19]} 6. Nf3 {[%emt 0:00:55]} b5 {[%emt 0:00:48]} 7. Bb3 {[%emt 0:00:25]} Nxb3 {[%emt 0:00:51]} 8. axb3 {[%emt 0:00:33]} Bb7 {[%emt 0:01:17]} 9. O-O {[%emt 0:00:52]} h6 {[%emt 0:12:10]} 10. h3 {[%emt 0:08:31]} d5 {[%emt 0:01:49]} 11. exd5 {[%emt 0:02:12]} exd5 {[%emt 0:02:08]} 12. Re1+ {[%emt 0:04:44]} Be7 {[%emt 0:00:26]} 13. Qe2 {[%emt 0:03:06]} d4 {[%emt 0:13:06]} 14. Ne4 {[%emt 0:05:04]} Kf8 {[%emt 0:11:38]} 15. Bf4 {[%emt 0:01:59]} Nf6 {[%emt 0:03:01]} 16. Nxf6 {[%emt 0:03:52]} Bxf6 {[%emt 0:01:15]} 17. Be5 {[%emt 0:01:05]} Kg8 {[%emt 0:02:36]} 18. Bxf6 {[%emt 0:01:12]} Qxf6 {[%emt 0:00:12]} 19. Qe7 {[%emt 0:00:33]} Bxf3 {[%emt 0:04:30]} 20. Qxf6 {[%emt 0:00:47]} gxf6 {[%emt 0:00:08]} 21. gxf3 {[%emt 0:00:14]} Kg7 {[%emt 0:00:08]} 22. Kf1 {[%emt 0:01:34]} Rhe8 {[%emt 0:00:03]} 23. Rxe8 {[%emt 0:00:12]} Rxe8 {[%emt 0:00:09]} 24. Rxa6 {[%emt 0:00:05]} Re6 {[%emt 0:01:37]} 25. Ra7 {[%emt 0:05:45]} Kg6 {[%emt 0:08:55]} 26. Rd7 {[%emt 0:01:17]} b4 {[%emt 0:00:58]} 27. f4 {[%emt 0:04:51]} Rc6 {[%emt 0:03:08]} 28. Kg2 {[%emt 0:00:54]} Kf5 {[%emt 0:02:30]} 29. Kf3 {[%emt 0:01:40]} Ke6 {[%emt 0:00:05]} 30. Rd8 {[%emt 0:00:30]} Ra6 {[%emt 0:00:22]} 31. f5+ {[%emt 0:00:51]} Ke7 {[%emt 0:03:20]} 32. Rd5 {[%emt 0:01:52]} Rc6 {[%emt 0:00:21]} 33. Kg4 {[%emt 0:00:32]} Kf8 {[%emt 0:00:47]} 34. Kh5 {[%emt 0:00:30]} Kg7 {[%emt 0:00:06]} 35. h4 {[%emt 0:00:49]} Rc7 {[%emt 0:00:31]} 36. Kg4 {[%emt 0:00:56]} Rc8 {[%emt 0:00:32]} 37. Kf3 {[%emt 0:01:16]} h5 {[%emt 0:00:03]} 38. Rd6 {[%emt 0:00:56]} Re8 {[%emt 0:01:02]} 39. Rd5 {[%emt 0:00:52]} Rc8 {[%emt 0:02:10]} 40. Rd6 {[%emt 0:01:26]} Re8 {[%emt 0:00:06]} 41. Rd5 {[%emt 0:30:58]} Rc8 {[%emt 0:30:06]} 42. Kf4 {[%emt 0:03:40]} Rc7 {[%emt 0:02:06]} 43. f3 {[%emt 0:00:55]} Rc8 {[%emt 0:00:25]} 44. Kg3 {[%emt 0:00:54]} Kf8 {[%emt 0:00:51]} 45. f4 {[%emt 0:00:58]} Re8 {[%emt 0:01:33]} 46. Rxc5 {[%emt 0:00:24]} Re3+ {[%emt 0:00:03]} 47. Kg2 {[%emt 0:03:56]} Re2+ {[%emt 0:00:22]} 48. Kf3 {[%emt 0:01:56]} Re3+ {[%emt 0:00:32]} 49. Kf2 {[%emt 0:06:11]} Rh3 {[%emt 0:00:08]} 50. Rd5 {[%emt 0:03:21]} Rxh4 {[%emt 0:00:43]} 51. Kg3 {[%emt 0:06:26]} Rg4+ {[%emt 0:02:13]} 52. Kf3 {[%emt 0:01:11]} Rg1 {[%emt 0:00:13]} 53. Rxd4 {[%emt 0:01:02]} h4 {[%emt 0:00:06]} 54. Kf2 {[%emt 0:00:36]} Rg4 {[%emt 0:00:10]} 55. Kf3 {[%emt 0:02:51]} h3 56. Kxg4 {[%emt 0:01:21]} h2 {[%emt 0:00:59]} 57. Rxb4 {[%emt 0:00:08]} h1=Q {[%emt 0:00:16]} 58. Rc4 {[%emt 0:00:48]} Qg2+ {[%emt 0:00:44]} 59. Kh4 {[%emt 0:00:25]} Qh1+ {[%emt 0:00:30]} 60. Kg3 {[%emt 0:00:33]} Qb1 {[%emt 0:00:22]} 61. Kf3 {[%emt 0:01:23]} Qxb2 {[%emt 0:01:04]} 62. Ke4 {[%emt 0:00:11]} Ke7 {[%emt 0:00:57]} 63. Rc7+ {[%emt 0:01:03]} Kd6 {[%emt 0:00:15]} 64. Rc4 {[%emt 0:02:03]} Qa1 {[%emt 0:04:14]} 65. Rd4+ {[%emt 0:00:55]} Ke7 {[%emt 0:01:01]} 66. Rc4 {[%emt 0:00:55]} Qa8+ {[%emt 0:00:37]} 67. Kd4 {[%emt 0:00:20]} Kd6 {[%emt 0:05:06]} 68. Kc3 {[%emt 0:02:17]} Qa5+ {[%emt 0:00:28]} 69. b4 {[%emt 0:00:48]} Qxf5 {[%emt 0:00:31]} 70. Rd4+ {[%emt 0:00:21]} Kc6 {[%emt 0:00:30]} 71. Rc4+ {[%emt 0:00:21]} Kb6 {[%emt 0:00:20]} 72. Kb3 Qe6 {[%emt 0:01:21]} 73. c3 {[%emt 0:01:02]} Qd5 {[%emt 0:00:39]} 74. Kc2 {[%emt 0:01:36]} Qg2+ {[%emt 0:00:42]} 75. Kb3 {[%emt 0:01:06]} Qe2 {[%emt 0:07:11]} 76. Rd4 {[%emt 0:01:17]} Kc6 {[%emt 0:00:30]} 77. Rc4+ {[%emt 0:00:30]} Kb5 {[%emt 0:00:30]} 78. Rc5+ {[%emt 0:00:30]} Kb6 {[%emt 0:00:30]} 79. Rd5 {[%emt 0:00:30]} f5 {[%emt 0:00:00]} 80. c4 {[%emt 0:01:35]} Qd1+ {[%emt 0:00:00]} 81. Kc3 {[%emt 0:00:25]} Qc1+ 82. Kb3 Qxf4 {[%emt 0:00:00]} 83. Rb5+ {[%emt 0:00:28]} Kc6 {[%emt 0:01:35]} 84. Rc5+ {[%emt 0:00:00]} Kd6 {[%emt 0:01:59]} 85. Rd5+ {[%emt 0:00:00]} Ke6 {[%emt 0:01:17]} 86. b5 {[%emt 0:00:35]} Qc1 {[%emt 0:00:06]} 87. Kb4 {[%emt 0:00:44]} f4 {[%emt 0:01:01]} 88. b6 {[%emt 0:00:08]} f3 {[%emt 0:00:59]} 89. Rb5 {[%emt 0:00:21]} f2 {[%emt 0:00:25]} 90. b7 {[%emt 0:00:16]} f1=Q {[%emt 0:01:20]} 91. Rb6+ {[%emt 0:01:00]} Kd7 {[%emt 0:00:52]} 92. b8=Q {[%emt 0:01:09]} Qb2+ {[%emt 0:00:06]} 93. Kc5 {[%emt 0:00:47]} Qf5+ {[%emt 0:00:07]} 0-1

[Event "FRA-ch Open A-D 2018"]
[Site "Nimes"]
[Date "2018.08.26"]
[Round "9"]
[White "Fischer, Thorange"]
[Black "Bernard, Louis"]
[Result "1/2-1/2"]
[WhiteElo "1577"]
[BlackElo "1708"]
[Annotator "NA"]
[PlyCount "87"]
[EventDate "2018.08.18"]
[EventType "tourn"]
[EventCountry "FRA"]
[SourceTitle "playchess.com"]
[Source "ChessBase"]
[SourceQuality "1"]
[TimeControl "40/5400+30:1800+30"]

1. e3 {[%emt 0:00:00]} d5 {[%emt 0:00:11]} 2. c4 {[%emt 0:00:00]} e6 {[%emt 0:01:56]} 3. d4 {[%emt 0:01:19]} Nf6 {[%emt 0:00:48]} 4. Nf3 {[%emt 0:00:20]} Nbd7 {[%emt 0:02:05]} 5. Nc3 {[%emt 0:00:27]} Be7 {[%emt 0:02:43]} 6. Bd3 {[%emt 0:01:14]} O-O {[%emt 0:01:37]} 7. O-O {[%emt 0:00:28]} dxc4 {[%emt 0:04:48]} 8. Bxc4 {[%emt 0:00:09]} c5 {[%emt 0:00:02]} 9. e4 cxd4 {[%emt 0:03:40]} 10. Nxd4 {[%emt 0:04:12]} Qc7 {[%emt 0:01:46]} 11. Bb3 {[%emt 0:12:45]} Nc5 {[%emt 0:09:02]} 12. Qe2 {[%emt 0:17:34]} e5 {[%emt 0:23:34]} 13. Ndb5 {[%emt 0:03:24]} Qb6 {[%emt 0:00:41]} 14. Nd5 {[%emt 0:01:02]} Nxd5 {[%emt 0:00:36]} 15. Bxd5 {[%emt 0:00:07]} a6 {[%emt 0:01:33]} 16. Nc3 {[%emt 0:06:53]} Qg6 {[%emt 0:06:46]} 17. f3 {[%emt 0:06:26]} Ne6 {[%emt 0:03:28]} 18. Be3 {[%emt 0:01:31]} Bg5 {[%emt 0:02:34]} 19. Bxg5 {[%emt 0:01:38]} Qxg5 {[%emt 0:01:54]} 20. Bxe6 {[%emt 0:05:57]} Bxe6 {[%emt 0:00:05]} 21. Rfd1 {[%emt 0:01:59]} Rfd8 {[%emt 0:01:26]} 22. Nd5 {[%emt 0:05:24]} Rac8 {[%emt 0:04:18]} 23. Qd2 {[%emt 0:05:33]} Qxd2 {[%emt 0:03:10]} 24. Rxd2 {[%emt 0:00:06]} Bxd5 {[%emt 0:00:41]} 25. exd5 {[%emt 0:00:05]} Rd6 {[%emt 0:00:13]} 26. Kf2 {[%emt 0:00:18]} Rc5 {[%emt 0:00:52]} 27. Rad1 {[%emt 0:00:06]} f5 {[%emt 0:01:03]} 28. Ke3 {[%emt 0:02:37]} Kf7 {[%emt 0:00:48]} 29. g4 {[%emt 0:01:01]} g6 {[%emt 0:05:57]} 30. g5 {[%emt 0:03:30]} Ke7 {[%emt 0:00:24]} 31. h4 Rb5 {[%emt 0:03:32]} 32. h5 {[%emt 0:10:50]} Kd7 {[%emt 0:03:31]} 33. hxg6 {[%emt 0:01:04]} hxg6 {[%emt 0:00:06]} 34. f4 {[%emt 0:01:59]} e4 {[%emt 0:02:04]} 35. a3 {[%emt 0:03:20]} Rb3+ {[%emt 0:01:16]} 36. Kd4 {[%emt 0:00:10]} Rdb6 {[%emt 0:02:53]} 37. Rb1 {[%emt 0:03:34]} Rxa3 {[%emt 0:02:16]} 38. Rh1 Ra4+ {[%emt 0:01:21]} 39. Ke5 {[%emt 0:01:35]} Ra5 {[%emt 0:01:57]} 40. Rh7+ {[%emt 0:00:15]} Kc8 {[%emt 0:01:39]} 41. Rh8+ {[%emt 0:01:56]} Kd7 {[%emt 0:01:25]} 42. Rh7+ {[%emt 0:06:16]} Kc8 {[%emt 0:01:52]} 43. Rh8+ {[%emt 0:00:07]} Kd7 {[%emt 0:00:18]} 44. Rh7+ {[%emt 0:00:21] Ra4 Rh1 e3 Rd4} 1/2-1/2

[Event "FRA-ch Open A-D 2018"]
[Site "Nimes"]
[Date "2018.08.26"]
[Round "9"]
[White "Alcindor, Samuel"]
[Black "Davidou, Delphine"]
[Result "0-1"]
[WhiteElo "1462"]
[BlackElo "1446"]
[Annotator "NA"]
[PlyCount "146"]
[EventDate "2018.08.18"]
[EventType "tourn"]
[EventCountry "FRA"]
[SourceTitle "playchess.com"]
[Source "ChessBase"]
[SourceQuality "1"]
[TimeControl "40/5400+30:1800+30"]

1. e4 {[%emt 0:00:00]} c5 {[%emt 0:00:00]} 2. Nf3 {[%emt 0:00:00]} Nc6 {[%emt 0:00:00]} 3. d4 {[%emt 0:00:00]} cxd4 {[%emt 0:00:07]} 4. Nxd4 {[%emt 0:00:02]} g6 {[%emt 0:00:32]} 5. Be3 {[%emt 0:03:44]} Bg7 {[%emt 0:01:45]} 6. Be2 {[%emt 0:03:25]} Nf6 {[%emt 0:03:11]} 7. Nc3 {[%emt 0:00:09]} O-O {[%emt 0:10:04]} 8. Qd2 {[%emt 0:02:28]} d5 {[%emt 0:13:24]} 9. Nxc6 {[%emt 0:10:18]} bxc6 {[%emt 0:01:06]} 10. e5 {[%emt 0:01:26]} Ng4 {[%emt 0:14:10]} 11. Bxg4 {[%emt 0:02:23]} Bxg4 {[%emt 0:00:05]} 12. h3 {[%emt 0:00:13]} Be6 {[%emt 0:05:14]} 13. f4 {[%emt 0:02:14]} Qa5 {[%emt 0:08:33]} 14. O-O {[%emt 0:17:53]} Rfd8 {[%emt 0:09:20]} 15. Qd4 {[%emt 0:11:11]} Qc7 {[%emt 0:05:53]} 16. Rf3 {[%emt 0:06:12]} Bf5 {[%emt 0:07:37]} 17. g4 {[%emt 0:06:05]} Be4 {[%emt 0:02:32]} 18. Nxe4 {[%emt 0:02:15]} dxe4 {[%emt 0:00:53]} 19. Qxe4 {[%emt 0:00:32]} Qd7 {[%emt 0:06:16]} 20. Kf2 {[%emt 0:07:05]} Rab8 {[%emt 0:02:33]} 21. b3 {[%emt 0:00:54]} Rb5 {[%emt 0:01:35]} 22. Qa4 {[%emt 0:02:40]} Rb7 {[%emt 0:02:17]} 23. Re1 {[%emt 0:03:01]} Qc7 {[%emt 0:02:06]} 24. Kg3 {[%emt 0:03:32]} Rd5 {[%emt 0:00:36]} 25. Qc4 {[%emt 0:03:35]} Ra5 {[%emt 0:01:03]} 26. a4 {[%emt 0:00:46]} Rd5 {[%emt 0:00:24]} 27. Bc1 {[%emt 0:01:35]} g5 {[%emt 0:00:26]} 28. Bb2 {[%emt 0:01:38]} Qd8 {[%emt 0:00:34]} 29. Rd3 {[%emt 0:01:50]} gxf4+ {[%emt 0:00:24]} 30. Kxf4 {[%emt 0:00:16]} e6 {[%emt 0:00:34]} 31. Rxd5 {[%emt 0:02:32]} Bh6+ {[%emt 0:00:20]} 32. Kg3 {[%emt 0:00:41]} cxd5 {[%emt 0:00:18]} 33. Qe2 {[%emt 0:02:26]} Bg5 {[%emt 0:00:37]} 34. Rf1 {[%emt 0:01:19]} Bh4+ {[%emt 0:00:37]} 35. Kg2 {[%emt 0:00:08]} Qc7 {[%emt 0:00:44]} 36. Rf3 {[%emt 0:00:48]} Qc6 {[%emt 0:00:18]} 37. Rc3 {[%emt 0:00:12]} Qd7 {[%emt 0:00:27]} 38. Ba3 {[%emt 0:00:52]} d4 {[%emt 0:00:28]} 39. Rc4 {[%emt 0:01:13]} Qd5+ {[%emt 0:00:42]} 40. Kg1 {[%emt 0:00:55]} Rd7 {[%emt 0:00:42]} 41. Bb2 {[%emt 0:30:48]} d3 {[%emt 0:05:45]} 42. cxd3 {[%emt 0:00:00]} Qxd3 {[%emt 0:00:34]} 43. Qxd3 {[%emt 0:00:00]} Rxd3 {[%emt 0:00:05]} 44. Rb4 {[%emt 0:00:00]} Rd1+ {[%emt 0:00:18]} 45. Kg2 {[%emt 0:00:00]} Rd2+ {[%emt 0:00:11]} 46. Kf3 {[%emt 0:00:00]} Rxb2 {[%emt 0:00:09]} 47. g5 {[%emt 0:00:00]} Be1 {[%emt 0:03:32]} 48. Rb7 {[%emt 0:00:00]} Rf2+ {[%emt 0:03:15]} 49. Ke3 {[%emt 0:00:00]} Rh2 {[%emt 0:00:33]} 50. Kd3 {[%emt 0:00:00]} Rxh3+ {[%emt 0:00:47]} 51. Kc4 {[%emt 0:00:00]} Rc3+ {[%emt 0:02:14]} 52. Kd4 {[%emt 0:00:00]} Rg3 {[%emt 0:00:27]} 53. Kc4 {[%emt 0:00:00]} Bf2 {[%emt 0:01:07]} 54. b4 {[%emt 0:00:00]} Rxg5 {[%emt 0:01:03]} 55. b5 {[%emt 0:00:00]} h5 {[%emt 0:00:37]} 56. a5 {[%emt 0:00:00]} h4 {[%emt 0:04:20]} 57. b6 {[%emt 0:00:00]} axb6 {[%emt 0:02:39]} 58. a6 {[%emt 0:00:00]} b5+ {[%emt 0:07:55]} 59. Kxb5 {[%emt 0:00:11]} Rxe5+ {[%emt 0:00:24]} 60. Ka4 {[%emt 0:02:14]} Rh5 {[%emt 0:01:28]} 61. Rb2 {[%emt 0:01:54]} Rf5 {[%emt 0:01:30]} 62. Rb7 {[%emt 0:04:58]} h3 {[%emt 0:00:32]} 63. a7 {[%emt 0:00:11]} Bxa7 {[%emt 0:00:19]} 64. Rxa7 {[%emt 0:00:09]} h2 {[%emt 0:00:11]} 65. Rc7 {[%emt 0:00:38]} h1=Q {[%emt 0:00:24]} 66. Rc4 {[%emt 0:00:17]} Qa8+ {[%emt 0:00:33]} 67. Kb3 {[%emt 0:00:24]} Rb5+ {[%emt 0:00:42]} 68. Kc3 {[%emt 0:00:25]} Qa1+ {[%emt 0:00:31]} 69. Kd3 {[%emt 0:00:17]} Rd5+ {[%emt 0:00:28]} 70. Ke3 {[%emt 0:00:20]} Qe1+ {[%emt 0:00:19]} 71. Kf4 {[%emt 0:00:46]} Rf5+ {[%emt 0:00:15]} 72. Kg4 {[%emt 0:00:11]} Qg1+ {[%emt 0:00:19]} 73. Kh4 {[%emt 0:00:14]} Rg5 {[%emt 0:00:35]} 0-1

[Event "FRA-ch Open A-D 2018"]
[Site "Nimes"]
[Date "2018.08.26"]
[Round "9"]
[White "Grimault, Leane"]
[Black "Legeay, Julie"]
[Result "0-1"]
[WhiteElo "1376"]
[BlackElo "1477"]
[Annotator "NA"]
[PlyCount "98"]
[EventDate "2018.08.18"]
[EventType "tourn"]
[EventCountry "FRA"]
[SourceTitle "playchess.com"]
[Source "ChessBase"]
[SourceQuality "1"]
[TimeControl "40/5400+30:1800+30"]

1. c4 {[%emt 0:00:00]} d6 {[%emt 0:00:00]} 2. g3 {[%emt 0:00:04]} Nf6 {[%emt 0:00:05]} 3. Bg2 {[%emt 0:00:40]} g6 {[%emt 0:00:33]} 4. Nf3 {[%emt 0:01:17]} Bg7 {[%emt 0:00:35]} 5. O-O {[%emt 0:01:10]} O-O {[%emt 0:00:46]} 6. d3 {[%emt 0:01:23]} c5 {[%emt 0:00:49]} 7. Bd2 {[%emt 0:02:02]} Nc6 {[%emt 0:01:13]} 8. Nc3 {[%emt 0:02:30]} Rb8 {[%emt 0:01:05]} 9. a3 {[%emt 0:01:31]} a6 {[%emt 0:02:00]} 10. Rb1 {[%emt 0:05:22]} b5 {[%emt 0:02:20]} 11. Qc1 {[%emt 0:01:46]} bxc4 {[%emt 0:02:16]} 12. dxc4 {[%emt 0:00:14]} Na5 {[%emt 0:01:52]} 13. Nd5 {[%emt 0:02:30]} Nb3 {[%emt 0:03:27]} 14. Qd1 {[%emt 0:02:20]} Bf5 {[%emt 0:01:44]} 15. Bg5 {[%emt 0:04:28]} Bxb1 {[%emt 0:01:26]} 16. Qxb1 {[%emt 0:01:14]} Nxd5 {[%emt 0:00:23]} 17. cxd5 {[%emt 0:00:07]} h6 {[%emt 0:01:35]} 18. Be3 {[%emt 0:02:55]} Rb5 {[%emt 0:06:35]} 19. Qd3 {[%emt 0:11:34]} Qb6 {[%emt 0:10:14]} 20. Rb1 {[%emt 0:02:03]} Qb7 {[%emt 0:04:26]} 21. h4 {[%emt 0:16:36]} h5 {[%emt 0:07:36]} 22. Ng5 {[%emt 0:01:00]} Nd4 {[%emt 0:02:45]} 23. b4 {[%emt 0:00:30]} a5 {[%emt 0:00:50]} 24. Ne6 {[%emt 0:15:11]} Rb8 {[%emt 0:17:35]} 25. Nxg7 {[%emt 0:09:37]} Kxg7 {[%emt 0:00:38]} 26. Bxd4+ {[%emt 0:02:47]} cxd4 {[%emt 0:00:10]} 27. Qxd4+ {[%emt 0:00:11]} Kg8 {[%emt 0:00:11]} 28. Kh2 {[%emt 0:01:55]} axb4 {[%emt 0:00:39]} 29. axb4 {[%emt 0:00:44]} Rxb4 {[%emt 0:00:17]} 30. Rxb4 {[%emt 0:00:15]} Qxb4 {[%emt 0:00:06]} 31. Qa7 {[%emt 0:00:45]} Qb7 {[%emt 0:03:24]} 32. Qd4 {[%emt 0:01:04]} Rc8 {[%emt 0:01:34]} 33. e4 {[%emt 0:00:48]} Rc2 {[%emt 0:01:08]} 34. Bf3 {[%emt 0:03:49]} Qb2 {[%emt 0:00:39]} 35. Qxb2 {[%emt 0:00:15]} Rxb2 {[%emt 0:00:05]} 36. Kg2 {[%emt 0:00:28]} Kg7 {[%emt 0:00:17]} 37. g4 {[%emt 0:01:10]} hxg4 {[%emt 0:01:16]} 38. Bxg4 {[%emt 0:00:12]} Kf6 {[%emt 0:01:36]} 39. Kg3 {[%emt 0:00:25]} Ke5 {[%emt 0:01:26]} 40. f3 {[%emt 0:00:24]} f5 {[%emt 0:03:55]} 41. exf5 {[%emt 0:30:31]} gxf5 {[%emt 0:30:15]} 42. Bh3 {[%emt 0:00:41]} Kxd5 {[%emt 0:05:01]} 43. Bxf5 {[%emt 0:00:19]} Ke5 {[%emt 0:00:19]} 44. Bh3 {[%emt 0:01:41]} Rb8 {[%emt 0:01:06]} 45. Kf2 {[%emt 0:02:18]} Kf4 {[%emt 0:00:59]} 46. Bg4 {[%emt 0:01:15]} e5 {[%emt 0:02:13]} 47. Ke2 {[%emt 0:00:34]} e4 {[%emt 0:00:43]} 48. Be6 {[%emt 0:00:00]} exf3+ {[%emt 0:00:00]} 49. Ke1 {[%emt 0:00:00]} Re8 {[%emt 0:00:00]} 0-1